OSP i PSP w Powiecie Nyskim - Statystyki

Ogólne statystyki
  • Ten quiz został rozwiązany 18 razy
  • Średni wynik to 34 z 75
Statystyki odpowiedzi
Gmina Jednostka % Poprawnych
Kamiennik OSP Kamiennik
100%
Korfantów OSP Korfantów
100%
Łambinowice OSP Łambinowice
100%
Otmuchów OSP Otmuchów
100%
Łambinowice OSP Budzieszowice
80%
Łambinowice OSP Mańkowice
80%
Pakosławice OSP Pakosławice
80%
Pakosławice OSP Prusinowice
80%
Korfantów OSP Przechód
80%
Skoroszyce OSP Sidzina
80%
Skoroszyce OSP Skoroszyce
80%
Łambinowice OSP Sowin
80%
Łambinowice OSP Wierzbie
80%
Korfantów OSP Włodary
80%
Korfantów OSP Włostowa
80%
Nysa JRG Nysa
60%
Łambinowice OSP Bielice
60%
Łambinowice OSP Jasienica Dolna
60%
Łambinowice OSP Lasocice
60%
Łambinowice OSP Malerzowice Wielkie
60%
Nysa OSP Niwnica
60%
Pakosławice OSP Nowaki
60%
Głuchołazy OSP Nowy Świętów
60%
Łambinowice OSP Piątkowice
60%
Głuchołazy OSP Polski Świętów
60%
Nysa OSP Rusocin
60%
Nysa OSP Wyszków Śląski
60%
Głuchołazy JRG Głuchołazy
40%
Paczków JRG Paczków
40%
Głuchołazy OSP Biskupów
40%
Głuchołazy OSP Bodzanów
40%
Otmuchów OSP Buków
40%
Nysa OSP Domaszkowice
40%
Otmuchów OSP Jasienica Górna
40%
Otmuchów OSP Jodłów
40%
Otmuchów OSP Kałków
40%
Nysa OSP Kępnica
40%
Nysa OSP Koperniki
40%
Nysa OSP Kubice
40%
Korfantów OSP Kuźnica Ligocka
40%
Otmuchów OSP Łąka
40%
Nysa OSP Lipowa
40%
Otmuchów OSP Nadziejów
40%
Nysa OSP Przełęk
40%
Nysa OSP Regulice
40%
Korfantów OSP Rzymkowice
40%
Korfantów OSP Ścinawa Mała
40%
Otmuchów OSP Śliwice
40%
Skoroszyce OSP Stary Grodków
40%
Głuchołazy OSP Stary Las
40%
Korfantów OSP Węża
40%
Nysa OSP Wierzbięcice
40%
Otmuchów OSP Wierzbno
40%
Otmuchów OSP Wójcice
40%
Nysa KP PSP Nysa
20%
Głuchołazy OSP Burgrabice
20%
Skoroszyce OSP Czarnolas
20%
Paczków OSP Dziewiętlice
20%
Głuchołazy OSP Gierałcice
20%
Otmuchów OSP Goraszowice
20%
Paczków OSP Gościce
20%
Kamiennik OSP Goworowice
20%
Paczków OSP Kamienica
20%
Kamiennik OSP Lipniki
20%
Otmuchów OSP Maciejowice
20%
Głuchołazy OSP Markowice
20%
Pakosławice OSP Rzymiany
20%
Paczków OSP Stary Paczków
20%
Kamiennik OSP Szklary
20%
Paczków OSP Ujeździec
20%
Paczków OSP Wilamowa
20%
Głuchołazy OSP Charbielin
0%
Skoroszyce OSP Chróścina
0%
Głuchołazy OSP Jarnołtówek
0%
Skoroszyce OSP Makowice
0%
Nie znaleziono quizów pasujących do podanych kryteriów
Rozkład punktacji
Procent ludzi z każdym wynikiem
Percentyl według liczby udzielonych odpowiedzi
Twoja historia wyników
Nie rozwiązałeś tego quizu